000 00688nam a2200301Ia 4500
005 20260401122419.0
008 008 250103s9999 xx 000 0 eng d
020 _a9780192821447
037 _aTB
040 _aEDL
040 _beng
040 _cEDL
041 _2eng
041 _aeng
084 _a795.5 BAX
084 _qEDL
100 _aBaxandall, Michael
_91233541
245 0 _aPainting&Experience in Fifteenth-Century Italy
245 0 _cBaxandall, Michael
260 _aOxford
260 _bOxford University Press
260 _c1972
300 _a183p
942 _cTB
942 _h795.5 BAX
999 _c1847115
_d1847115